000 00736nam a22002057a 4500
999 _c19056
_d19056
005 20251125232912.0
008 s2537 th tha d
020 _a9740050409
040 _aNALT
041 _atha
245 1 0 _aกฎหมายตราสามดวง เล่ม 1 [3rd]
260 3 _aกรุงเทพฯ :
_bองค์การค้าคุรุสภา,
_c2537
300 _a329 หน้า ;
_b 19 ซม.
650 0 4 _aกฎหมายตราสามดวง
850 _aNALT
856 4 0 _uhttps://hdl.handle.net/20.500.14156/411475
_71
942 _cLB
_2lcc
998 _j25
_k นีลวัสน์ อินทรักษา
090 _aKC13.4 ก117 2537 ล.1